Inovačné stratégie malých a stredných podnikov v súčasnom podnikateľskom prostredí diplomová práca

Gespeichert in:
Bibliographische Detailangaben
1. Verfasser: Vojna, Dávid
Körperschaft: Obchodná fakulta EU. Katedra marketingu
Weitere Verfasser: Ševčíková, Renáta, 1982-
Format: Buch
Sprache:Slowakisch
Veröffentlicht: Bratislava 2025
Tags: Tag hinzufügen
Keine Tags, Fügen Sie das erste Tag hinzu!

MARC

LEADER 00000nbm a2200000 4500
001 0310202
005 20251104122654.1
041 0 |a slo 
044 |a SK 
245 1 0 |a Inovačné stratégie malých a stredných podnikov v súčasnom podnikateľskom prostredí  |b diplomová práca  |c Dávid Vojna ; školiteľ: Renáta Ševčíková 
264 1 |a Bratislava  |c 2025 
300 |a 66 s. 
100 1 |a Vojna, Dávid 
700 1 |a Ševčíková, Renáta, 1982- 
710 2 |a Obchodná fakulta EU. Katedra marketingu